000 00475nam a22001577a 4500
005 20241025180834.0
008 241025b |||||||| |||| 00| 0 eng d
020 _a9789988293659
050 _aKRX540
100 _aDAniels, William Cornelius Ekow
245 _aThe Law on Family Relations In Ghana
260 _aCantonment, Accra
_bBlack Mask Limited
_c2019
300 _alxxiv, 511 pages.
_bSelect Bibliography, Index
_c30 cm
650 _2Law
_aFamily Law
942 _2lcc
_cBK
_n0
999 _c219
_d219